Quick Pick: Every Women's World Cup Quiz Stats

 Plays Quiz Updated Jul 2, 2019

Score 0/7 Timer 01:00
2 Plays Today
% Correct
United States
89.2%
Germany
87.8%
Brazil
79.5%
Sweden
71.3%
Japan
64.4%
Norway
63.2%
Nigeria
36.7%

Today's Daily Dose

Missing Word
Sherlocks

Word Ladder
King of the Hill

Quick Pick
Songs in Pink

Get the Picture
NBA Teammates

You're not logged in!

Compare scores with friends on all Sporcle quizzes.
OR
Log In

Sporcle TV

Today on Sporcle TV


Watch our educational content, quiz creation guides, and fun videos on Sporcle TV.

Show Comments

Extras

Top Quizzes Today


Score Distribution

Your Account Isn't Verified!

In order to create a playlist on Sporcle, you need to verify the email address you used during registration. Go to your Sporcle Settings to finish the process.

Report this User

Report this user for behavior that violates our Community Guidelines.

Details: